| 000 | 00331 a2200121 4500 | ||
|---|---|---|---|
| 001 | 66097 | ||
| 082 | _a629.8 WAN | ||
| 090 |
_c38406 _d38406 |
||
| 100 | _aWang, Weizheng | ||
| 245 | _aCommunications toolbox for use with MATLAB and SIMULINK | ||
| 260 |
_aNatick, MA _bThe Math Works, Inc _c1996 |
||
| 300 |
_apage varies _bphotocopy |
||
| 942 |
_aNUST-CAE _k629.8 WAN |
||
| 999 |
_c301170 _d301170 |
||